[Event "SR 2. liga A 2005/2006"]
[Site "?"]
[Date "2005.12.17"]
[Round "5.4"]
[White "Pribila, Michal"]
[Black "Hecko, Dusan"]
[Result "1/2-1/2"]
[WhiteElo "2011"]
[BlackElo "2122"]
[PlyCount "41"]
[EventDate "2005.??.??"]

{B18: Classical Caro-Kann: 4...Bf5 sidelines} 1. e4 c6 2. d4 d5 3. Nd2 dxe4 4.
Nxe4 Bf5 5. Ng3 Bg6 6. Bc4 e6 7. N1e2 Bd6 8. Nf4 Nf6 9. h4 Bxf4 10. Bxf4 h6 11.
Qe2 Nbd7 12. O-O-O {last book move} O-O 13. h5 Bh7 14. Bd3 (14. Bd6 Re8 $11)
14... Re8 (14... Bxd3 15. Qxd3 Qa5 16. Kb1 $11) 15. Bxh7+ Kxh7 16. f3 Qa5 17.
Kb1 Rad8 18. Bd2 Qc7 19. Ne4 e5 20. dxe5 Qxe5 (20... Rxe5 $2 21. Bf4 Nd5 22.
Bxe5 Nxe5 23. g4 $18) 21. Bc3 1/2-1/2

[Event "SR 2. liga A 2005/2006"]
[Site "?"]
[Date "2005.10.22"]
[Round "5.5"]
[White "Pagerka, Martin"]
[Black "Lutter, Ladislav"]
[Result "0-1"]
[WhiteElo "1858"]
[BlackElo "1961"]
[PlyCount "69"]
[EventDate "2005.??.??"]

1. e4 d6 2. d4 Nf6 3. Nc3 g6 4. Be3 Nc6 5. f3 Bg7 6. Qd2 Nb4 7. O-O-O a5 8. a3
Na6 9. Bh6 Bxh6 10. Qxh6 c6 11. e5 Nd5 12. Nxd5 cxd5 13. Re1 Nc7 14. Qg7 Rf8
15. Qxh7 b5 16. Bd3 Be6 17. Ne2 Qd7 18. f4 O-O-O 19. Qh4 Rh8 20. Qf2 b4 21.
axb4 axb4 22. Kd2 Qc6 23. c3 Qb6 24. Rb1 Bf5 25. Bxf5+ gxf5 26. Ng3 e6 27. Qe3
Rh4 28. Ne2 Kd7 29. exd6 Ne8 30. cxb4 Nxd6 31. Kd1 Qxb4 32. g3 Rh6 33. Qc3 Qb5
34. Ra1 Ke7 35. Ra5 {time} 0-1

[Event "SR 2. liga A 2005/2006"]
[Site "?"]
[Date "2005.10.22"]
[Round "5.6"]
[White "Kucera, Michal"]
[Black "Diviak, Rudolf"]
[Result "1-0"]
[WhiteElo "1988"]
[BlackElo "1959"]
[PlyCount "125"]
[EventDate "2005.??.??"]

1. e4 e5 2. Nf3 Nc6 3. Bb5 a6 4. Ba4 Nf6 5. O-O b5 6. Bb3 Be7 7. Re1 d6 8. c3
O-O 9. h3 Na5 10. Bc2 c5 11. d4 Qc7 12. Nbd2 cxd4 13. cxd4 Bb7 14. d5 Nc4 15.
Nf1 Bc8 16. b3 Nb6 17. Bd2 Nbd7 18. Rc1 Qd8 19. Ne3 Nc5 20. Nf1 Bd7 21. b4 Nb7
22. Bd3 Rc8 23. Qe2 Rxc1 24. Rxc1 Qb8 25. Ng3 Rc8 26. Rb1 g6 27. Nh2 Nd8 28. f4
exf4 29. Bxf4 h5 30. Nf3 Nb7 31. Be3 Re8 32. Bd4 Bd8 33. Qb2 Nh7 34. Rf1 f6 35.
h4 Rf8 36. a3 Be8 37. Be3 Bf7 38. Kh1 Be7 39. Qb1 Rc8 40. Kh2 Nf8 41. Bd4 Nd7
42. Qb2 Ne5 43. Nxe5 fxe5 44. Bf2 Bxh4 45. Nf5 Bg5 46. Bh4 Bxh4 47. Nxh4 Qc7
48. Qf2 Rf8 49. Nxg6 Bxg6 50. Qxf8+ Kh7 51. Qf3 Qe7 52. Qf6 Qg7 53. Qh4 Qh6 54.
Qe7+ Qg7 55. Qxg7+ Kxg7 56. Rc1 Kf8 57. Kg3 Be8 58. Kh4 a5 59. Rc8 axb4 60.
axb4 Nc5 61. Rxe8+ Kxe8 62. bxc5 b4 63. c6 1-0

[Event "SR 2. liga A 2005/2006"]
[Site "?"]
[Date "2005.10.22"]
[Round "5.7"]
[White "Pericka, Tomas"]
[Black "Nagy, Edmund"]
[Result "1-0"]
[WhiteElo "1945"]
[BlackElo "1985"]
[PlyCount "55"]
[EventDate "2005.??.??"]

1. e4 d6 2. d4 Nf6 3. Nc3 g6 4. Be2 Bg7 5. Be3 O-O 6. Qd2 c6 7. f3 b5 8. g4 b4
9. Nd1 a5 10. h4 h5 11. Nf2 Nbd7 12. f4 hxg4 13. Bxg4 Nb6 14. Be2 Ba6 15. Bxa6
Rxa6 16. Qe2 Ra8 17. Nf3 Nh5 18. Rg1 e6 19. Rg5 Bh6 20. Rg4 Rc8 21. O-O-O d5
22. Ne5 Kh7 23. Rdg1 Qf6 24. Nh3 Rg8 25. Ng5+ Bxg5 26. Rxg5 Rc7 27. Rxh5+ gxh5
28. Qxh5+ 1-0

[Event "SR 2. liga A 2005/2006"]
[Site "?"]
[Date "2005.10.22"]
[Round "5.8"]
[White "Priam, Stefan"]
[Black "Diviak, Rastislav"]
[Result "0-1"]
[WhiteElo "1945"]
[BlackElo "1887"]
[PlyCount "194"]
[EventDate "2005.??.??"]

1. d4 Nf6 2. Bf4 g6 3. e3 Bg7 4. Nd2 O-O 5. Bd3 d6 6. Ngf3 Nbd7 7. O-O c5 8. c3
a6 9. h3 b5 10. a4 c4 11. Bc2 Bb7 12. Re1 Qc7 13. e4 e5 14. Bg5 Rfe8 15. d5 Nc5
16. Nh2 h6 17. Be3 Kh7 18. Ng4 Ncd7 19. Qf3 Nxg4 20. Qxg4 Nf6 21. Qh4 Nh5 22.
f4 Bf6 23. Qg4 exf4 24. Bxf4 Nxf4 25. Qxf4 Bg5 26. Qf2 Bxd2 27. Qxd2 Re5 28.
Rf1 Qe7 29. Rf4 Rf8 30. Raf1 Kg7 31. axb5 axb5 32. Qd4 Bc8 33. Qb6 Rg5 34. Kh1
Rg3 35. Rf6 Qe5 36. Qxd6 Qg5 37. Qf4 Qxf4 38. R1xf4 Re3 39. Kg1 Re2 40. Rf2
Rxc2 41. Rxf7+ Rxf7 42. Rxc2 Re7 43. Re2 Kf6 44. Kf2 Ke5 45. Ke3 Rf7 46. g3
Bxh3 47. Rh2 Bg4 48. Rxh6 Rf3+ 49. Kd2 Kxe4 50. Rxg6 Rxg3 51. d6 Rd3+ 52. Kc1
Kf5 53. Rh6 Kg5 54. Rh8 Rxd6 55. Rf8 Bf5 56. Rf7 Kf4 57. b3 cxb3 58. Kb2 Ke5
59. Rb7 Bd3 60. Kxb3 Bc4+ 61. Kb4 Rd2 62. Re7+ Kf4 63. Rh7 Ke3 64. Rh3+ Ke2 65.
Rh2+ Kd3 66. Rh3+ Kc2 67. Rh4 Bd3 68. Rh3 Re2 69. Rh4 Kb2 70. Rd4 Bc4 71. Rh4
Rc2 72. Rh3 Ka2 73. Rg3 Rb2+ 74. Kc5 Kb3 75. Kd4 Rd2+ 76. Ke4 Kc2 77. Rh3 Rd3
78. Rh8 Kxc3 79. Rb8 b4 80. Rb6 b3 81. Rb8 b2 82. Rb6 Kc2 83. Rb4 b1=Q 84. Rxb1
Kxb1 85. Ke5 Kc2 86. Ke4 Kc3 87. Ke5 Ba2 88. Ke4 Kc4 89. Ke5 Rd1 90. Ke4 Re1+
91. Kf4 Kd3 92. Kf5 Kd4 93. Kf4 Rf1+ 94. Kg5 Ke4 95. Kg6 Ke5 96. Kg7 Ke6 97.
Kg8 Ke7+ 0-1

[Event "SR 2. liga A 2005/2006"]
[Site "?"]
[Date "2005.10.22"]
[Round "6.1"]
[White "Ruckschloss, Karol"]
[Black "Pacher, Milan"]
[Result "1/2-1/2"]
[WhiteElo "2273"]
[BlackElo "2201"]
[PlyCount "29"]
[EventDate "2005.??.??"]

1. c4 g6 2. Nc3 Bg7 3. e4 c5 4. f4 Nc6 5. Nf3 e6 6. g3 Nge7 7. d3 d5 8. e5 a6
9. Bg2 O-O 10. O-O b6 11. g4 Ra7 12. Qe2 Rd7 13. Bd2 Bb7 14. Be1 Nd4 15. Nxd4
1/2-1/2

[Event "SR 2. liga A 2005/2006"]
[Site "?"]
[Date "2005.10.22"]
[Round "6.2"]
[White "Oprea, Erik"]
[Black "Provaznik, Michal"]
[Result "1-0"]
[WhiteElo "2144"]
[BlackElo "2164"]
[PlyCount "83"]
[EventDate "2005.??.??"]

1. e4 c5 2. d4 cxd4 3. Nf3 Nc6 4. Nxd4 Nf6 5. Nc3 e6 6. Be2 Bb4 7. Bf3 d5 8.
exd5 Nxd5 9. Nxc6 bxc6 10. O-O O-O 11. Ne4 f5 12. Ng3 e5 13. c4 e4 14. Be2 Nf6
15. Qxd8 Rxd8 16. Bg5 h6 17. Bf4 Be6 18. Rad1 g5 19. Be5 Kf7 20. b3 Nd7 21.
Bh5+ Kg8 22. Bb2 Nc5 23. a3 Bd2 24. Bg6 e3 25. fxe3 Bxe3+ 26. Kh1 Nd3 27. Rxd3
Rxd3 28. Nxf5 Bxf5 29. Bxf5 Rd2 30. Be6+ Kh7 31. Rf7+ Kg6 32. Rg7+ Kh5 33. g4+
Kh4 34. Rh7 Rd1+ 35. Kg2 Rg1+ 36. Kf3 Rf8+ 37. Bf5 Rf1+ 38. Kxe3 Re8+ 39. Kd4
Kh3 40. Rxh6+ Kg2 41. Kc5 Rf3 42. Bd7 1-0

[Event "SR 2. liga A 2005/2006"]
[Site "?"]
[Date "2005.10.22"]
[Round "6.3"]
[White "Horak, Ivan"]
[Black "Sturc, Gustav"]
[Result "0-1"]
[WhiteElo "2141"]
[BlackElo "2103"]
[PlyCount "38"]
[EventDate "2005.??.??"]

1. e4 e5 2. Nf3 Nc6 3. Bb5 a6 4. Ba4 d6 5. O-O Bg4 6. Bxc6+ bxc6 7. d4 Qf6 8.
dxe5 dxe5 9. Qd3 Bd6 10. Nc3 Bxf3 11. gxf3 Ne7 12. Rd1 Ng6 13. Qe2 Nh4 14. Qf1
Nxf3+ 15. Kh1 h5 16. Rd3 g5 17. Be3 g4 18. Ne2 h4 19. Ng1 Qg6 {time} 0-1

[Event "SR 2. liga A 2005/2006"]
[Site "?"]
[Date "2005.10.22"]
[Round "6.4"]
[White "Eged, Igor"]
[Black "Kovarik, Oto"]
[Result "1/2-1/2"]
[WhiteElo "2107"]
[BlackElo "2108"]
[PlyCount "37"]
[EventDate "2005.??.??"]

1. d4 d5 2. c4 e6 3. Nc3 Nf6 4. Bg5 Be7 5. e3 O-O 6. Nf3 b6 7. Be2 Bb7 8. O-O
Nbd7 9. Rc1 dxc4 10. Bxc4 c5 11. dxc5 Nxc5 12. Nd4 Nfe4 13. Bxe7 Qxe7 14. Nxe4
Bxe4 15. Qe2 e5 16. Nb3 Nxb3 17. Bxb3 Rad8 18. Rfd1 Rxd1+ 19. Rxd1 1/2-1/2

[Event "SR 2. liga A 2005/2006"]
[Site "?"]
[Date "2005.12.18"]
[Round "6.4"]
[White "Hecko, Dusan"]
[Black "Felcir, Jaroslav"]
[Result "0-1"]
[WhiteElo "2122"]
[BlackElo "2197"]
[PlyCount "46"]
[EventDate "2005.??.??"]

{C64: Ruy Lopez: Classical Defence (3...Bc5) except 4 0-0 Nf6} 1. e4 e5 2. Nf3
Nc6 3. Bb5 Bc5 4. c3 Nge7 5. d4 exd4 6. cxd4 Bb4+ 7. Nc3 ({kniz. Fritz} 7. Bd2
Bxd2+ 8. Qxd2 a6 9. Ba4 d5 10. exd5 Qxd5 11. Nc3 Qe6+ 12. Kf1 Qc4+ 13. Kg1 O-O
14. d5 Na7 15. Re1 Nf5) 7... d5 8. e5 Bg4 9. h3 Bh5 10. O-O O-O 11. Be3 Qd7 12.
Rc1 f6 (12... a6 13. Be2 $11) 13. exf6 $14 Bxf3 14. Qxf3 Rxf6 15. Qg4 Nf5 $2 (
15... Qxg4 $142 {bolo lepsie} 16. hxg4 a6 $14) 16. Nxd5 $1 $18 Rg6 17. Qe4 (17.
Bg5 $5 h6 18. h4 $18) 17... Re8 $16 18. Qd3 Rxg2+ 19. Kh1 $4 {
biely si neuvedomil, ze strelec b5 je uz kryty} (19. Kxg2 Qxd5+) 19... Nxe3 $19
20. Nf4 Nxf1 21. Kxg2 $2 (21. Nxg2 Nd2 22. d5 $19) 21... Nd2 22. Bxc6 bxc6 23.
a3 Qf7 0-1

[Event "SR 2. liga A 2005/2006"]
[Site "?"]
[Date "2005.10.22"]
[Round "6.5"]
[White "Kubis, Ivan"]
[Black "Breja, Stanislav"]
[Result "1/2-1/2"]
[WhiteElo "2069"]
[BlackElo "2091"]
[PlyCount "98"]
[EventDate "2005.??.??"]

1. e4 e5 2. Nf3 Nf6 3. d4 Nxe4 4. Bd3 d5 5. Nxe5 Bd6 6. Nd2 Bxe5 7. dxe5 Nc5 8.
Nf3 Bg4 9. h3 Nxd3+ 10. Qxd3 Bxf3 11. Qxf3 Nc6 12. Bf4 Nd4 13. Qd3 Ne6 14. Bd2
O-O 15. O-O c5 16. Rad1 Qb6 17. Bc1 Rfd8 18. Rfe1 Rac8 19. Qg3 Qa6 20. f4 Nd4
21. Qf2 Qxa2 22. f5 Qa4 23. c3 Nc2 24. Rf1 d4 25. f6 Ne3 26. Qg3 g6 27. Qh4 Qe8
28. Qh6 Qf8 29. Bxe3 dxe3 30. Qxe3 Rc6 31. Rfe1 Re6 32. Qg5 h5 33. Ra1 a6 34.
Ra4 Kh7 35. Rh4 Qh6 36. Qg3 Rd5 37. b4 cxb4 38. Rxb4 b5 39. c4 Rd4 40. Reb1
Rxc4 41. Rxc4 bxc4 42. Rb7 Qf8 43. Rc7 Qe8 44. Rxc4 Rxe5 45. Rc7 g5 46. Rxf7+
Qxf7 47. Qxe5 Kg6 48. Qe4+ Kxf6 49. Qd4+ Kg6 1/2-1/2

[Event "SR 2. liga A 2005/2006"]
[Site "?"]
[Date "2005.10.22"]
[Round "6.6"]
[White "Cambel, Vladimir"]
[Black "Pribila, Michal"]
[Result "0-1"]
[WhiteElo "2080"]
[BlackElo "2011"]
[PlyCount "70"]
[EventDate "2005.??.??"]

1. Nf3 Nf6 2. c4 c5 3. d4 cxd4 4. Nxd4 Nc6 5. Nc3 Qb6 6. Nc2 e6 7. e3 a6 8. Be2
Be7 9. O-O O-O 10. a3 Rd8 11. b4 d5 12. c5 Qc7 13. Na4 Nd7 14. Bb2 b6 15. cxb6
Nxb6 16. Nxb6 Qxb6 17. f4 f6 18. Nd4 Nxd4 19. Bxd4 Qb7 20. Bd3 Bd7 21. Qh5 f5
22. g4 g6 23. Qh6 Bf8 24. Qg5 Bg7 25. Bxg7 Kxg7 26. Qe7+ Kg8 27. gxf5 exf5 28.
Rac1 Re8 29. Qc5 Bb5 30. Rfd1 Bxd3 31. Qd6 Bc4 32. Kf2 Qe7 33. Qb6 Qh4+ 34. Kg2
Qg4+ 35. Kf2 Qe2+ 0-1

[Event "SR 2. liga A 2005/2006"]
[Site "?"]
[Date "2005.10.22"]
[Round "6.7"]
[White "Kasanicky, Robert"]
[Black "Isa, Vlastimil"]
[Result "1/2-1/2"]
[WhiteElo "1980"]
[BlackElo "1974"]
[PlyCount "54"]
[EventDate "2005.??.??"]

1. e4 c5 2. Nf3 e6 3. d4 cxd4 4. Nxd4 Nc6 5. Nc3 a6 6. g3 Nf6 7. Bg2 d6 8. O-O
Qc7 9. Re1 Be7 10. Nxc6 bxc6 11. Bf4 O-O 12. e5 Nd5 13. exd6 Bxd6 14. Bxd6 Qxd6
15. Ne4 Qb4 16. b3 Bb7 17. c4 Ne7 18. Qd6 Qxd6 19. Nxd6 Rab8 20. Rad1 a5 21.
Nxb7 Rxb7 22. Rd6 Rc7 23. Red1 g6 24. Rd7 Rfc8 25. Rd8+ Kg7 26. Rxc8 Nxc8 27.
c5 Kf6 1/2-1/2

[Event "SR 2. liga A 2005/2006"]
[Site "?"]
[Date "2005.10.22"]
[Round "6.8"]
[White "Hricak, Vasil"]
[Black "Sefcik, Marek"]
[Result "1/2-1/2"]
[WhiteElo "2032"]
[BlackElo "1971"]
[PlyCount "123"]
[EventDate "2005.??.??"]

1. e4 Nc6 2. d4 e5 3. d5 Nce7 4. Bd3 Ng6 5. Ne2 Bc5 6. Nbc3 Nf6 7. Na4 Bb4+ 8.
Bd2 Qe7 9. Nac3 d6 10. Bb5+ Nd7 11. Ng3 a6 12. Nf5 Qf8 13. Bxd7+ Bxd7 14. Qf3
Ne7 15. O-O-O Nxf5 16. exf5 f6 17. Ne4 Bxd2+ 18. Rxd2 Ke7 19. g4 g5 20. h4 h6
21. hxg5 hxg5 22. Rdd1 Qg7 23. Ng3 Rxh1 24. Rxh1 Rh8 25. Nh5 Qg8 26. Qb3 b6 27.
Qd3 Be8 28. Qc4 Kd8 29. Qxa6 Qxd5 30. Rd1 Qf7 31. Qa7 Rh6 32. Rd3 Bc6 33. Rxd6+
Bd7 34. Rd3 Qc4 35. Qa8+ Ke7 36. Qa3+ c5 37. Qa7 Qb5 38. b3 Qc6 39. Ng3 Rh8 40.
Qa6 Ra8 41. Qc4 b5 42. Qd5 Qxd5 43. Rxd5 Rxa2 44. Rxc5 Ra1+ 45. Kd2 Rg1 46. Ke3
Re1+ 47. Kd2 Rg1 48. Ke2 Ra1 49. Ne4 Ra7 50. Ke3 Be8 51. Rc8 Ra6 52. Rc7+ Kd8
53. Rh7 Rc6 54. Kd3 Rb6 55. b4 Rc6 56. c3 Rb6 57. Nc5 Rc6 58. Ne6+ Rxe6 59. c4
Rd6+ 60. Kc3 bxc4 61. Kxc4 Rd4+ 62. Kc5 1/2-1/2

[Event "SR 2. liga A 2005/2006"]
[Site "?"]
[Date "2005.10.23"]
[Round "7.1"]
[White "Drtina, Milan"]
[Black "Rohacek, Miroslav"]
[Result "1-0"]
[WhiteElo "2259"]
[BlackElo "2233"]
[PlyCount "89"]
[EventDate "2005.??.??"]

1. e4 Nf6 2. e5 Nd5 3. Bc4 Nb6 4. Bb3 c5 5. a4 a5 6. Qe2 Nc6 7. Nf3 e6 8. d3 d5
9. exd6 Bxd6 10. Nc3 O-O 11. Ne4 Be7 12. c3 Nd5 13. h4 f6 14. Be3 b6 15. O-O-O
Ba6 16. Bc4 Qc8 17. g4 Ra7 18. Kb1 Rd8 19. Bc1 Rad7 20. Nxf6+ Bxf6 21. Qxe6+
Kh8 22. Bxa6 Qxa6 23. Qxc6 Bxc3 24. Ng5 Bf6 25. Qe6 Qb7 26. Rde1 Re7 27. Qf5 g6
28. Rxe7 Qxe7 29. Qe4 Rd7 30. Re1 Nc7 31. Qxe7 Bxe7 32. Nf7+ Kg7 33. Ne5 Rd4
34. Nc6 Bxh4 35. Nxd4 cxd4 36. g5 Nd5 37. Re5 Nb4 38. Re7+ Kg8 39. Rb7 Bxf2 40.
Rxb6 Nxd3 41. Bd2 Be3 42. Kc2 Ne1+ 43. Kd1 Nf3 44. Bxe3 dxe3 45. b4 1-0

[Event "SR 2. liga A 2005/2006"]
[Site "?"]
[Date "2005.10.23"]
[Round "7.2"]
[White "Machalova, Veronika"]
[Black "Jablonicky, Frantisek"]
[Result "1/2-1/2"]
[WhiteElo "2211"]
[BlackElo "2246"]
[PlyCount "92"]
[EventDate "2005.??.??"]

1. e4 c6 2. d4 d5 3. Nc3 dxe4 4. Nxe4 Nf6 5. Nxf6+ gxf6 6. Bc4 Bf5 7. Ne2 e6 8.
Ng3 Bg6 9. h4 h5 10. Bf4 Nd7 11. Qd2 Nb6 12. Bb3 Nd5 13. Bxd5 Qxd5 14. O-O
O-O-O 15. Rfd1 Bg7 16. Qe2 Qa5 17. c4 e5 18. dxe5 fxe5 19. Bg5 Rxd1+ 20. Rxd1
f6 21. Be3 a6 22. a3 Qc7 23. b4 e4 24. b5 f5 25. bxa6 bxa6 26. c5 Be5 27. Qxa6+
Qb7 28. Qc4 Bf7 29. Qc1 Bxg3 30. fxg3 Rd8 31. Bg5 Rxd1+ 32. Qxd1 Qd7 33. Qa4
Qb7 34. Kh2 Bd5 35. Qd4 Qb3 36. Bf4 Kb7 37. Qg7+ Ka6 38. Qc7 Kb5 39. Qa7 Kc4
40. a4 e3 41. Qa6+ Kxc5 42. Bxe3+ Kb4 43. Bd2+ Ka3 44. Bc1+ Ka2 45. Qe2+ Kb1
46. Be3 Qxa4 1/2-1/2

[Event "SR 2. liga A 2005/2006"]
[Site "?"]
[Date "2005.10.23"]
[Round "7.3"]
[White "Szitkey, Milan"]
[Black "Machalova, Maria"]
[Result "0-1"]
[WhiteElo "2202"]
[BlackElo "2140"]
[PlyCount "59"]
[EventDate "2005.??.??"]

1. e4 c5 2. Nf3 Nc6 3. c3 d5 4. exd5 Qxd5 5. d4 Nf6 6. Be2 e6 7. O-O Be7 8. Na3
cxd4 9. Nb5 Qd8 10. cxd4 O-O 11. Bg5 Nb4 12. Nc3 b6 13. a3 Nbd5 14. Rc1 Nxc3
15. bxc3 Bxa3 16. Rc2 Bb7 17. Ne5 Be7 18. Bd3 Ne4 19. Bc1 Rc8 20. Qe1 Nf6 21.
f4 Nd5 22. Rf3 g6 23. Be4 f5 24. Bd3 Nxc3 25. Rg3 Kg7 26. Bb2 Nd5 27. Re2 Bh4
28. Nxg6 hxg6 29. Rxe6 Bxg3 30. Qe5+ {time} 0-1

[Event "SR 2. liga A 2005/2006"]
[Site "?"]
[Date "2005.10.23"]
[Round "7.4"]
[White "Federic, Pavol"]
[Black "Miklas, Marian"]
[Result "1/2-1/2"]
[WhiteElo "2183"]
[BlackElo "2191"]
[PlyCount "38"]
[EventDate "2005.??.??"]

1. e4 c5 2. Nf3 d6 3. d4 cxd4 4. Nxd4 Nf6 5. Nc3 a6 6. Be2 e6 7. O-O Be7 8. f4
Nc6 9. Be3 Qc7 10. Bf3 O-O 11. Kh1 Nxd4 12. Bxd4 e5 13. Be3 exf4 14. Bxf4 Be6
15. Qe1 Nd7 16. Rd1 Ne5 17. Qg3 Rad8 18. Be2 b5 19. a3 Rfe8 1/2-1/2

[Event "SR 2. liga A 2005/2006"]
[Site "?"]
[Date "2006.01.15"]
[Round "7.4"]
[White "Stetina, Erik"]
[Black "Hecko, Dusan"]
[Result "1/2-1/2"]
[WhiteElo "1871"]
[BlackElo "2122"]
[PlyCount "117"]
[EventDate "2005.??.??"]

{B11: Caro-Kann: Two Knights Variation} 1. e4 c6 2. Nc3 d5 3. Nf3 Bg4 4. h3
Bxf3 5. Qxf3 e6 6. Be2 Nd7 7. Qg3 ({kniz. Fritz} 7. O-O) 7... dxe4 8. Nxe4 Ndf6
9. d3 Nxe4 10. dxe4 Nf6 11. Bd3 g6 (11... Bd6 $5 12. Qg5 h6 $11) 12. O-O $14
Bg7 13. Rb1 O-O 14. f4 c5 15. Qf3 (15. e5 $5 Nd5 16. Be4 $14) 15... c4 $11 16.
Be2 Qd4+ 17. Be3 Qxe4 18. Qxe4 Nxe4 19. Bxc4 Rfd8 20. Bd3 Ng3 (20... Bd4 21.
Bxd4 Rxd4 22. Bxe4 Rxe4 23. Rbd1 $11) 21. Rfd1 $14 Bd4 22. Kf2 Nh5 (22... Bxe3+
23. Kxe3 Rac8 24. Kf3 $14) 23. Be2 (23. Be4 Bxe3+ 24. Kxe3 Rxd1 25. Rxd1 Nf6
$16) 23... Bxe3+ $14 24. Kxe3 Nf6 25. Bf3 Rxd1 26. Rxd1 Rc8 27. c3 Rc7 28. Rd8+
Kg7 29. Rb8 (29. g4 Nd7 $16) 29... b6 $14 30. Rb7 Ne8 31. Kd4 Kf6 32. c4 Rxb7
33. Bxb7 Nd6 34. Be4 (34. Ba6 Nf5+ 35. Ke4 Nd6+ 36. Kd3 e5 37. fxe5+ Kxe5 $14)
34... Ke7 (34... a5 $5 $11) 35. Bd3 $14 f6 36. c5 bxc5+ 37. Kxc5 Kd7 38. b4 Kc7
39. a4 Kd7 40. b5 Nb7+ 41. Kb4 Kd6 42. a5 Nc5 43. Be2 e5 44. fxe5+ fxe5 45. Kc4
h6 46. Bf3 e4 47. Be2 Ne6 48. Bg4 e3 49. g3 (49. Bf3 Ng5 50. Bd1 Ne6 $14) 49...
h5 $16 50. Be2 (50. Bxh5 gxh5 51. Kd3 $19) 50... h4 $11 51. Kd3 ({Nie} 51. gxh4
Nf4 52. Kd4 Nxe2+ 53. Kxe3 Nc3 $19) 51... hxg3 52. Kxe3 Kc5 (52... g2 53. Kf2
Nd4 54. Bd1 $11 Kc5) 53. b6 $14 axb6 54. a6 b5 55. a7 Nc7 56. Bf3 b4 57. a8=Q
Nxa8 58. Bxa8 Kd6 59. Be4 1/2-1/2

[Event "SR 2. liga A 2005/2006"]
[Site "?"]
[Date "2005.10.23"]
[Round "7.5"]
[White "Minich, Peter"]
[Black "Kleman, Miroslav"]
[Result "1/2-1/2"]
[WhiteElo "2197"]
[BlackElo "2177"]
[PlyCount "90"]
[EventDate "2005.??.??"]

1. e4 e5 2. Nf3 Nc6 3. Bb5 a6 4. Ba4 Nf6 5. d3 d6 6. c4 Be7 7. Nc3 Rb8 8. d4
exd4 9. Nxd4 Bd7 10. Nxc6 bxc6 11. Bc2 O-O 12. O-O h6 13. Re1 Re8 14. b3 Be6
15. Bf4 Bf8 16. e5 dxe5 17. Bxe5 Bd6 18. Bxd6 cxd6 19. Ne4 Nxe4 20. Bxe4 d5 21.
cxd5 Bxd5 22. Bxd5 Rxe1+ 23. Qxe1 cxd5 24. Rd1 Qd6 25. g3 d4 26. Qe4 Rd8 27.
Rd3 Qb4 28. Kg2 Qc5 29. Rf3 Qd6 30. Rd3 g6 31. Qb7 Rd7 32. Qe4 Kg7 33. h4 f5
34. Qf4 Qd5+ 35. Qf3 Qe4 36. Kf1 g5 37. hxg5 hxg5 38. g4 Qxf3 39. Rxf3 fxg4 40.
Rg3 Kf6 41. Rxg4 Kf5 42. f3 d3 43. Ke1 d2+ 44. Kd1 a5 45. Ra4 Rd5 1/2-1/2

[Event "SR 2. liga A 2005/2006"]
[Site "?"]
[Date "2005.10.23"]
[Round "7.6"]
[White "Machalova, Erika"]
[Black "Lukac, Roman"]
[Result "0-1"]
[WhiteElo "2062"]
[BlackElo "2143"]
[PlyCount "116"]
[EventDate "2005.??.??"]

1. d4 Nf6 2. c4 c5 3. d5 e6 4. Nc3 exd5 5. cxd5 d6 6. e4 g6 7. Bg5 Bg7 8. Nf3
O-O 9. Bd3 Re8 10. O-O b6 11. Nd2 Ba6 12. Bxa6 Nxa6 13. Re1 Qd7 14. a4 Ng4 15.
Bf4 Nb4 16. Nc4 Bd4 17. Bg3 Ne5 18. Bxe5 dxe5 19. Nb5 Rad8 20. Qd2 f5 21. exf5
Qxd5 22. Ne3 Qf7 23. fxg6 Qxg6 24. Rad1 e4 25. Nxd4 Rxd4 26. Qc3 Nd3 27. Rf1
Nf4 28. Rd2 Rd3 29. Qc4+ Qf7 30. Qxf7+ Kxf7 31. Rc2 Ke6 32. a5 Rb3 33. axb6
axb6 34. Rd1 Nd3 35. Rdd2 Rf8 36. Nd1 b5 37. Re2 Kf5 38. Ne3+ Ke5 39. Ng4+ Kd4
40. Rcd2 c4 41. h3 b4 42. Rc2 c3 43. bxc3+ bxc3 44. Kh2 Rb2 45. Kg3 Rxc2 46.
Rxc2 Nb4 47. Rc1 c2 48. Ne3 Kd3 49. Ra1 Kd2 50. Nxc2 Nxc2 51. Ra7 h6 52. Re7
Kd3 53. Re6 Nd4 54. Rd6 Re8 55. Kf4 Re6 56. Rd8 Rf6+ 57. Kg3 Kc4 58. Rc8+ Kd5
0-1

[Event "SR 2. liga A 2005/2006"]
[Site "?"]
[Date "2005.10.23"]
[Round "7.7"]
[White "Nicolini, Alexander"]
[Black "Varga, David"]
[Result "1/2-1/2"]
[WhiteElo "2133"]
[BlackElo "2072"]
[PlyCount "78"]
[EventDate "2005.??.??"]

1. e4 e6 2. d4 d5 3. exd5 exd5 4. Bd3 Nc6 5. c3 Bd6 6. Nf3 Be6 7. O-O Qd7 8.
Re1 O-O-O 9. b4 f6 10. Nbd2 g5 11. Nb3 h5 12. b5 Nce7 13. Nc5 Bxc5 14. dxc5 Bg4
15. Qa4 Bxf3 16. gxf3 Qh3 17. Qxa7 Qxf3 18. Be2 Qxc3 19. Be3 Kd7 20. Qxb7 Ke8
21. Qxc7 d4 22. b6 dxe3 23. Bb5+ Kf7 24. Qxd8 exf2+ 25. Kxf2 Qxc5+ 26. Re3 Qxb5
27. Rae1 Qf5+ 28. Kg1 Qg4+ 29. Kh1 Qb4 30. Qc7 Qa5 31. Rxe7+ Nxe7 32. Rxe7+ Kg6
33. Qc2+ Kh6 34. b7 Qd5+ 35. Qe4 Qd1+ 36. Kg2 Qd2+ 37. Kg1 Qd1+ 38. Kf2 Qd2+
39. Kg3 Qd6+ 1/2-1/2

[Event "SR 2. liga A 2005/2006"]
[Site "?"]
[Date "2005.10.23"]
[Round "7.8"]
[White "Helbich, Branislav"]
[Black "Doucha, Ludvik"]
[Result "0-1"]
[WhiteElo "2070"]
[BlackElo "2123"]
[PlyCount "133"]
[EventDate "2005.??.??"]

1. e4 e5 2. Nf3 d6 3. d4 exd4 4. Nxd4 g6 5. Bd3 Bg7 6. c3 Nc6 7. Nxc6 bxc6 8.
O-O Ne7 9. Bg5 f6 10. Be3 O-O 11. Qb3+ Kh8 12. Nd2 a5 13. Rad1 a4 14. Qc2 c5
15. f4 f5 16. Nf3 Qe8 17. Rde1 Qc6 18. e5 d5 19. Qf2 Ra5 20. Qh4 Re8 21. Ng5 h6
22. Bd2 Kg8 23. Nf3 c4 24. Be2 Qb6+ 25. Rf2 Qxb2 26. Bc1 Qb6 27. Ba3 c5 28. Bf1
Be6 29. Qg3 Rb5 30. Nd2 Kf7 31. h4 Rg8 32. Qf3 h5 33. Rd1 Nc6 34. Be2 Na5 35.
Rff1 Rb8 36. Rc1 Qc6 37. Bd1 R5b6 38. Qf2 Bf8 39. Bc2 Rd8 40. Nf3 d4 41. Ng5+
Kg8 42. Nxe6 Qxe6 43. Bxa4 Qd5 44. Qg3 Kh7 45. Bd1 Qe6 46. Qf2 Be7 47. g3 Kg7
48. Bb2 Qd7 49. Ba1 d3 50. Qd2 Rdb8 51. Bf3 Qa4 52. Bd5 Qd7 53. Bf3 Kf7 54.
Rcd1 Ke6 55. Qg2 Nc6 56. g4 hxg4 57. Bxg4 Kf7 58. Bf3 Rd8 59. h5 Qe6 60. Rfe1
Bh4 61. hxg6+ Qxg6 62. Qxg6+ Kxg6 63. Re3 Ne7 64. Bg2 Ra6 65. Rh3 Rh8 66. Bb2
Rxa2 67. Bc1 {time} 0-1

[Event "SR 2. liga A 2005/2006"]
[Site "?"]
[Date "2005.10.23"]
[Round "8.1"]
[White "Kozinka, Roman"]
[Black "Bojda, Lubomir"]
[Result "0-1"]
[WhiteElo "2037"]
[BlackElo "2137"]
[PlyCount "75"]
[EventDate "2005.??.??"]

1. e4 e5 2. Nf3 Nc6 3. Bb5 g6 4. d3 Bg7 5. Bg5 Nge7 6. Nc3 f6 7. Be3 O-O 8. a3
d6 9. Bc4+ Kh8 10. Qd2 Ng8 11. h4 Nce7 12. d4 b5 13. Bb3 Bg4 14. dxe5 Bxf3 15.
gxf3 fxe5 16. h5 gxh5 17. Rxh5 Nf6 18. Rh2 Qe8 19. O-O-O Ng6 20. Nd5 Nf4 21.
Bxf4 exf4 22. Rdh1 Nxd5 23. Rxh7+ Kg8 24. Bxd5+ Rf7 25. Qxf4 Bxb2+ 26. Kb1 Bg7
27. Bxf7+ Qxf7 28. Rh8+ Bxh8 29. Rxh8+ Kxh8 30. Qxf7 b4 31. axb4 Rb8 32. c3 c5
33. Qc7 Rg8 34. Qxd6 Rg1+ 35. Kb2 cxb4 36. cxb4 Rf1 37. e5 Rxf2+ 38. Ka3 {time}
0-1

[Event "SR 2. liga A 2005/2006"]
[Site "?"]
[Date "2005.10.23"]
[Round "8.2"]
[White "Skreno, Vladimir"]
[Black "Halas, Miroslav"]
[Result "0-1"]
[WhiteElo "2176"]
[BlackElo "2030"]
[PlyCount "128"]
[EventDate "2005.??.??"]

1. d4 d5 2. Nf3 c6 3. e3 Bg4 4. c4 e6 5. Nc3 Nf6 6. cxd5 exd5 7. Be2 Bd6 8. a3
Nbd7 9. O-O O-O 10. b4 b5 11. Qb3 a5 12. Bb2 axb4 13. axb4 Qe7 14. Ba3 Nb6 15.
Rab1 Ne4 16. Bc1 Ra7 17. h3 Bh5 18. Re1 Rfa8 19. Nxe4 dxe4 20. Ne5 Bxe2 21.
Rxe2 Bxe5 22. dxe5 Nc4 23. Bb2 Ra2 24. e6 Qxe6 25. Qc3 Qe5 26. Qb3 Nxb2 27.
Rexb2 Rxb2 28. Qxb2 Qxb2 29. Rxb2 Kf8 30. f3 exf3 31. gxf3 Ke7 32. Kf2 Ke6 33.
Rd2 Ra3 34. Ke2 Rb3 35. Rd4 f5 36. Rh4 h6 37. Rd4 g5 38. h4 Rc3 39. hxg5 hxg5
40. Rd2 Rc4 41. Rb2 Kd5 42. Kd3 g4 43. f4 c5 44. bxc5 Kxc5 45. Rh2 Kd5 46. Rh5
Ke6 47. Rh6+ Kf7 48. Rh5 Kg6 49. Rg5+ Kf6 50. Rg8 Rb4 51. Rf8+ Ke6 52. Rg8 Rb3+
53. Kd4 b4 54. e4 fxe4 55. Kxe4 g3 56. Rg6+ Kf7 57. f5 Ra3 58. Kd4 Rc3 59. Rg4
Kf6 60. Rg6+ Kxf5 61. Rg8 Kf4 62. Rf8+ Kg4 63. Rb8 g2 64. Rxb4 Rg3 0-1